Guess the Fusion Rock Song Lyrics #20 - Statistics

General Stats
  • This quiz has been taken 13 times
  • The average score is 276 of 474
Answer Stats
Answer % Correct
a
100%
I
100%
Ambrosia
88%
an
88%
and
88%
And
88%
All
75%
all
75%
baby
75%
be
75%
can
75%
come
75%
could
75%
do
75%
down
75%
for
75%
For
75%
ha
75%
her
75%
here
75%
I'll
75%
In
75%
in
75%
is
75%
it
75%
I've
75%
Let
75%
love
75%
Love
75%
me
75%
my
75%
of
75%
Of
75%
Oh
75%
oh
75%
on
75%
She
75%
tell
75%
That
75%
that
75%
the
75%
to
75%
To
75%
we
75%
We
75%
who
75%
Who
75%
will
75%
you
75%
You
75%
your
75%
eyes
63%
From
63%
Got
63%
How
63%
life
63%
like
63%
made
63%
never
63%
no
63%
nothin
63%
ooh
63%
see
63%
So
63%
things
63%
Well
63%
we're
63%
what
63%
would
63%
Yeah
63%
yeah
63%
You're
63%
you're
63%
are
50%
been
50%
biggest
50%
find
50%
Forever
50%
forever
50%
found
50%
gonna
50%
hopin
50%
keep
50%
Keep
50%
know
50%
light
50%
make
50%
Make
50%
means
50%
More
50%
now
50%
Now
50%
part
50%
rain
50%
rest
50%
right
50%
Shine
50%
than
50%
true
50%
until
50%
wish
50%
Wish
50%
Ah
38%
ah
38%
as
38%
hold
38%
leave
38%
list
38%
Need
38%
need
38%
new
38%
She's
38%
There's
38%
there's
38%
wanna
38%
Ain't
25%
anew
25%
away
25%
believes
25%
beside
25%
Beside
25%
Gettin
25%
guide
25%
lovin
25%
night
25%
over
25%
past
25%
start
25%
Stay
25%
stay
25%
Together
25%
together
25%
wash
25%
Wash
25%
better
13%
breathes
13%
changed
13%
close
13%
enough
13%
eternity
13%
feelin
13%
feeling
13%
Hey
13%
hey
13%
horizon
13%
Inside
13%
inside
13%
may
13%
realizin
13%
risk
13%
servant
13%
sun
13%
brings
0%
easy
0%
fears
0%
finally
0%
Flow
0%
flows
0%
grand
0%
joy
0%
lazy
0%
lettin
0%
older
0%
Rainbow
0%
Realize
0%
risin
0%
Risin
0%
river
0%
shoulder
0%
someone
0%
Sunrise
0%
No matching quizzes found
Score Distribution
Percent of People with Each Score
Percentile by Number Answered
Your Score History
You have not taken this quiz